The spider weaver : (Record no. 7926)

MARC details
000 -LEADER
fixed length control field 01038nam a22003017a 4500
001 - CONTROL NUMBER
control field 7926
003 - CONTROL NUMBER IDENTIFIER
control field FISKH
005 - DATE AND TIME OF LATEST TRANSACTION
control field 20250814093636.0
008 - FIXED-LENGTH DATA ELEMENTS--GENERAL INFORMATION
fixed length control field 250814b cb ||||| |||| 00| 0 eng d
020 ## - INTERNATIONAL STANDARD BOOK NUMBER
International Standard Book Number 0590987941
040 ## - CATALOGING SOURCE
Original cataloging agency FISKH
Language of cataloging eng
Transcribing agency FISKH
Modifying agency FISKH
050 ## - LIBRARY OF CONGRESS CALL NUMBER
Classification number PZ8.M965 S
082 ## - DEWEY DECIMAL CLASSIFICATION NUMBER
Classification number 398.2
100 ## - MAIN ENTRY--PERSONAL NAME
Personal name Musgrove, Margaret
Dates associated with a name (1943-)
245 ## - TITLE STATEMENT
Title The spider weaver :
Remainder of title A legend of Kente Cloth /
Statement of responsibility, etc. By Margaret Musgrove ; Illustrated by Julia Cairns
250 ## - EDITION STATEMENT
Edition statement This edition first published in 2002
260 ## - PUBLICATION, DISTRIBUTION, ETC.
Place of publication, distribution, etc. New York :
Name of publisher, distributor, etc. Scholastic,
Date of publication, distribution, etc. 2001
300 ## - PHYSICAL DESCRIPTION
Extent 29 unnumbered pages :
Other physical details color illustrations ;
Dimensions 31 cm
505 ## - FORMATTED CONTENTS NOTE
Formatted contents note P<br/>
520 ## - SUMMARY, ETC.
Summary, etc. In this retelling of a tale from Ghana, a wondrous spider shows two Ashanti weavers how to make intricate, colorful patterns in the cloth that they weave.<br/>
521 8# - TARGET AUDIENCE NOTE
Target audience note 640<br/>
Source Lexile<br/>
521 8# - TARGET AUDIENCE NOTE
Target audience note P<br/>
Source Raz-Plus<br/>
650 ## - SUBJECT ADDED ENTRY--TOPICAL TERM
Source of heading or term Africa
Topical term or geographic name entry element Folk & Fairy Tales
650 ## - SUBJECT ADDED ENTRY--TOPICAL TERM
Source of heading or term Ashanti
Topical term or geographic name entry element Weaving
700 ## - ADDED ENTRY--PERSONAL NAME
Personal name Cairns, Julia
Dates associated with a name illustrator
942 ## - ADDED ENTRY ELEMENTS (KOHA)
Source of classification or shelving scheme Dewey Decimal Classification
Koha item type Books
Suppress in OPAC No
Holdings
Withdrawn status Lost status Source of classification or shelving scheme Damaged status Not for loan Collection Home library Current library Shelving location Date acquired Total Checkouts Full call number Barcode Date last seen Copy number Price effective from Koha item type
    Dewey Decimal Classification     Non-Fiction Footprints International School Library Network Toul Tom Poung Campus Footprints International School Library Network Toul Tom Poung Campus TTP Primary Yellow Bookshelves 08/14/2025   MUS 398.2 PZ8.M965 S FISBK00626 08/14/2025 1 08/14/2025 Books